Understanding the evolving diversities and originalities in rural social movemnts in the age of globalization (Record no. 688917)
[ view plain ]
| 000 -LEADER | |
|---|---|
| fixed length control field | 01063nam a2200337 a 4500 |
| 001 - CONTROL NUMBER | |
| control field | vtls000843046 |
| 003 - CONTROL NUMBER IDENTIFIER | |
| control field | NLI |
| 005 - DATE AND TIME OF LATEST TRANSACTION | |
| control field | 20210627063103.0 |
| 008 - FIXED-LENGTH DATA ELEMENTS--GENERAL INFORMATION | |
| fixed length control field | 110428s2004 sz | a000 0 eng |
| 020 ## - INTERNATIONAL STANDARD BOOK NUMBER | |
| International Standard Book Number | Not assigned |
| 039 #9 - LEVEL OF BIBLIOGRAPHIC CONTROL AND CODING DETAIL [OBSOLETE] | |
| -- | 201104281956 |
| -- | VLOAD |
| 040 ## - CATALOGING SOURCE | |
| Original cataloging agency | NLI |
| Transcribing agency | NLMARC21 |
| 041 0# - LANGUAGE CODE | |
| Language code of text/sound track or separate title | eng |
| 044 ## - COUNTRY OF PUBLISHING/PRODUCING ENTITY CODE | |
| MARC country code | sz |
| 082 0# - DEWEY DECIMAL CLASSIFICATION NUMBER | |
| Classification number | 303.484 |
| Edition number | 1 |
| 100 1# - MAIN ENTRY--PERSONAL NAME | |
| Personal name | Webster |
| Numeration | Neil |
| 9 (RLIN) | 817952 |
| 245 1# - TITLE STATEMENT | |
| Title | Understanding the evolving diversities and originalities in rural social movemnts in the age of globalization |
| Statement of responsibility, etc. | Neil Webster. |
| 260 ## - PUBLICATION, DISTRIBUTION, ETC. | |
| Place of publication, distribution, etc. | Geneva |
| Name of publisher, distributor, etc. | UNRISD |
| Date of publication, distribution, etc. | 2004. |
| 300 ## - PHYSICAL DESCRIPTION | |
| Extent | vi,39p. |
| Dimensions | 30cm.--(UNRISD. Civil Society and Social Movement Programme paper; no. 7) |
| 440 #0 - SERIES STATEMENT/ADDED ENTRY--TITLE | |
| Title | UNRISD. Civil Society and Social Movement Programme paper |
| Volume/sequential designation | no.7 |
| 9 (RLIN) | 702306 |
| 504 ## - BIBLIOGRAPHY, ETC. NOTE | |
| Bibliography, etc. note | Bibliography: p. 35--39. |
| 650 #0 - SUBJECT ADDED ENTRY--TOPICAL TERM | |
| Topical term or geographic name entry element | Social movements |
| 887 ## - NON-MARC INFORMATION FIELD | |
| Content of non-MARC field | dulalb dcb |
| 901 ## - LOCAL DATA ELEMENT A, LDA (RLIN) | |
| a | 32760 |
| b | dt.24-11-04 |
| 902 ## - LOCAL DATA ELEMENT B, LDB (RLIN) | |
| a | U.N. 303.484 |
| b | Un 3c |
| c | (Paper no. 7) |
| 903 ## - LOCAL DATA ELEMENT C, LDC (RLIN) | |
| a | 08-06-05 |
| 904 ## - LOCAL DATA ELEMENT D, LDD (RLIN) | |
| a | dulalb |
| 905 ## - LOCAL DATA ELEMENT E, LDE (RLIN) | |
| a | dcb |
| 942 ## - ADDED ENTRY ELEMENTS (KOHA) | |
| Source of classification or shelving scheme | Dewey Decimal Classification |
| Koha item type | Books |
| Withdrawn status | Lost status | Damaged status | Not for loan | Collection code | Home library | Current library | Shelving location | Date acquired | Total Checkouts | Full call number | Date last seen | Price effective from | Koha item type |
|---|---|---|---|---|---|---|---|---|---|---|---|---|---|
| United Nations | National Library of India | National Library of India | Foreign Official Documents - United Nations | U.N. 303.484 | 27/06/2021 | 27/06/2021 | Books |
